| 000 | 00712nam a22002057a 4500 | ||
|---|---|---|---|
| 999 |
_c5810 _d5810 |
||
| 003 | AR-CdUCM | ||
| 008 | 190313b ||||| |||| 00| 0 spa d | ||
| 040 |
_aMUNICIPALIDAD PROVINCIAL DEL CUSCO _cBIBLIOTECA MUNICIPAL DEL CUSCO |
||
| 082 |
_a129 / _bOR73 |
||
| 100 |
_aOrtega y Gasset, José _95772 |
||
| 245 | _aObras de José Ortega y Gasset / | ||
| 260 |
_aMadrid : _bEspasa Calpe ; _c1932. |
||
| 300 |
_a1409 páginas ; _c25cm |
||
| 505 | _aContenido: El espectador (t.1, t.2, t.3, t.4,t.5, t.6, t.7) -- España invertebrada -- El tema de nuestro tiempo -- Las Atlántidas -- Kant... | ||
| 650 |
_aNovela _95 |
||
| 650 |
_aKant _917187 |
||
| 650 |
_aRepública _9831 |
||
| 942 |
_2ddc _cLIBROS |
||
| 945 | _anom | ||